000 00325nam a22001457a 4500
003 OSt
005 20160727222410.0
008 160624b xxu||||| |||| 00| 0 eng d
040 _cTEST
100 _9958
_aSumer Book Depot
245 _aScience Today
260 _aNEW DELHI
_bS.B.D
300 _aScience Today
942 _2ddc
_cBK
999 _c761
_d761